000 00224nmm a2200085Ia 4500
008 220120s9999||||xx |||||||||||||||||und||
100 _aMicrosoft Press
_95306
245 0 _aProjects proffessional 2003
260 _aMicrosoft press
999 _c139641
_d139641